| 000 | 00000nam##2200000za#4500 |
| 001 | 9.667361 |
| 003 | CaOODSP |
| 005 | 20210615123454 |
| 007 | ta |
| 008 | 150407|2006||||xxc||||| f|0| 0 eng|d |
| 020 | |a0-662-49010-X |
| 040 | |aCaOODSP|beng |
| 041 | |aeng |
| 041 | |afre |
| 043 | |an-cn--- |
| 086 | 1 |aH128-1/06-465 |
| 110 | 1 |aCanada. |bHealth Canada. |bHealthy Environments and Consumer Safety Branch. |
| 245 | 10|aBatteries - use them safely |
| 260 | |aOttawa - Ontario : |bHealth Canada. |c2006. |
| 300 | |aEnglish text, [1]p. : |bcoloured illus. ; |c27 cm. |
| 500 | |a"For more information contact Product Safety, Health Canada: 1-866-662-0666" |
| 563 | |aPamphlet |
| 590 | |a06-38|b2006-09-22 |
| 690 | 07|aChild safety|2gcpds |
| 776 | 0#|tLes piles - pour les utiliser en toute sécurité |w(CaOODSP)9.633246 |
| 776 | 0#|tBatteries - use them safely |w(CaOODSP)9.688827 |
| 792 | |tLes piles - pour les utiliser en toute sécurité |efre|w(CaOODSP)9.667362 |
| 986 | |aHC Pub.: 4138 |